|
|
|
|
| LEADER |
00000nam0a2200000 4500 |
| 001 |
336289 |
| 005 |
20231102004835.0 |
| 010 |
|
|
|a 9785948365138
|
| 035 |
|
|
|a (RuTPU)RU\TPU\book\362705
|
| 090 |
|
|
|a 336289
|
| 100 |
|
|
|a 20171012d2019 k y0rusy50 ca
|
| 101 |
1 |
|
|a rus
|c eng
|
| 102 |
|
|
|a RU
|
| 105 |
|
|
|a a z 001zy
|
| 200 |
1 |
|
|a ПЛИС и параллельные архитектуры для применения в аэрокосмической области. Программные ошибки и отказоустойчивое проектирование
|e пер. с англ.
|f под ред. Ф. Кастеншмидт, П. Реха
|
| 210 |
|
|
|a Москва
|c Техносфера
|d 2019
|
| 215 |
|
|
|a 326 с.
|c ил.
|
| 225 |
1 |
|
|a Мир радиоэлектроники
|
| 320 |
|
|
|a Библиография в конце глав
|
| 330 |
|
|
|a В книге приводится понятие устранимых ошибок, возникающих в ПЛИС типа ППВМ (FPGA -Field Programmable Gate Array) и графических процессорах. Рассматриваются радиационные эффекты в ПЛИС, отказоустойчивые методы для ПЛИС, применение серийно выпускаемых ПЛИС в авиации и космонавтике, экспериментальные данные о воздействии радиации на ПЛИС, встроенные в ПЛИС процессоры под воздействием радиации и внесение ошибок в ПЛИС. Поскольку специализированная архитектура параллельной обработки, как в случае графического процессора, стала более востребованной в авиации и космонавтике благодаря высоким вычислительным возможностям, также приводятся результаты анализа поведения графического процессора под воздействием радиации.
|
| 606 |
1 |
|
|a Интегральные микросхемы,программируемые логические
|2 stltpush
|3 (RuTPU)RU\TPU\subj\38052
|9 58766
|
| 606 |
1 |
|
|a Космическая электроника
|2 stltpush
|3 (RuTPU)RU\TPU\subj\74501
|9 86725
|
| 610 |
1 |
|
|a ПЛИС
|
| 610 |
1 |
|
|a графические процессоры
|
| 610 |
1 |
|
|a радиация
|
| 610 |
1 |
|
|a отказоустойчивые методы
|
| 610 |
1 |
|
|a области применения
|
| 610 |
1 |
|
|a гетерогенные системы
|
| 610 |
1 |
|
|a сбои
|
| 610 |
1 |
|
|a обнаружение
|
| 610 |
1 |
|
|a устранение
|
| 610 |
1 |
|
|a статические оперативные запоминающие устройства
|
| 610 |
1 |
|
|a флэш-память
|
| 610 |
1 |
|
|a встроенные процессоры
|
| 610 |
1 |
|
|a параллельные архитектуры
|
| 610 |
1 |
|
|a графические процессоры
|
| 675 |
|
|
|a 621.382.049.77
|v 4
|
| 675 |
|
|
|a 629.78
|v 4
|
| 702 |
|
1 |
|a Кастеншмидт
|b Ф.
|4 340
|
| 702 |
|
1 |
|a Рех
|b П.
|4 340
|
| 801 |
|
1 |
|a RU
|b 63413507
|c 20171012
|
| 801 |
|
2 |
|a RU
|b 63413507
|c 20221212
|g RCR
|
| 942 |
|
|
|c BK
|
| 959 |
|
|
|a 6/20170502
|d 1
|e 920,00
|f ЧЗТЛ:1
|